Beyond my little world, 1 / (Record no. 112708)
[ view plain ]
| 000 -LEADER | |
|---|---|
| fixed length control field | 00528nam a2200169 a 4500 |
| 001 - CONTROL NUMBER | |
| control field | 1079 |
| 005 - DATE AND TIME OF LATEST TRANSACTION | |
| control field | 20140414131947.0 |
| 008 - FIXED-LENGTH DATA ELEMENTS--GENERAL INFORMATION | |
| fixed length control field | 041020s19uu xx 00 eng d |
| 020 ## - INTERNATIONAL STANDARD BOOK NUMBER | |
| International Standard Book Number | 0-7069-9159-1 |
| 050 ## - LIBRARY OF CONGRESS CALL NUMBER | |
| Classification number | TR 372.89 |
| Item number | Be35 1994 |
| 245 ## - TITLE STATEMENT | |
| Title | Beyond my little world, 1 / |
| Statement of responsibility, etc | illustrated by Poonam Bevli Sahi. |
| 260 ## - PUBLICATION, DISTRIBUTION, ETC. (IMPRINT) | |
| Place of publication, distribution, etc | New Delhi : |
| Name of publisher, distributor, etc | Viaks Publishing House Pvt, |
| Date of publication, distribution, etc | 1994. |
| 300 ## - PHYSICAL DESCRIPTION | |
| Extent | 72 p. : ill. ; cm. |
| 440 ## - SERIES STATEMENT/ADDED ENTRY--TITLE | |
| Title | Step-by-Step Series |
| 650 ## - SUBJECT ADDED ENTRY--TOPICAL TERM | |
| Topical term or geographic name as entry element | Social studies |
| General subdivision | Juvenile literature |
| -- | Reproducibles. |
| Withdrawn status | Lost status | Damaged status | Use restrictions | Home library | Current library | Shelving location | Date acquired | Source of acquisition | Total Checkouts | Full call number | Barcode | Date last seen | Price effective from | Koha item type |
|---|---|---|---|---|---|---|---|---|---|---|---|---|---|---|
| Munich Library | Munich Library | Teachers Reference Section | 10/20/2004 | TR 372.89 Be35 1994 | M4089 | 04/14/2014 | 04/14/2014 | Books |